Normal view
MARC view
Entry Topical Term
001 - CONTROL NUMBER
- control field: 21823
003 - CONTROL NUMBER IDENTIFIER
- control field: dpl
005 - DATE AND TIME OF LATEST TRANSACTION
- control field: 20100927104740.0
008 - FIXED-LENGTH DATA ELEMENTS
- fixed length control field: 100927|||a|||||| | ||| d
040 ## - CATALOGING SOURCE
- Original cataloging agency: dpl
- Transcribing agency: dpl
150 ## - HEADING--TOPICAL TERM
- Topical term or geographic name as entry element: India , Sonth
670 ## - SOURCE DATA FOUND
- Source citation: Work cat.: (dpl)36608: Sastri, K.A. Nilakanta 21822, the illustrated history of South India :, 2009
670 ## - SOURCE DATA FOUND
- Source citation: Work cat.: (dpl)36608: Sastri, K.A. Nilakanta 21822, the illustrated history of South India :, 2009
